1314 1373 1353 1424 1932 1337 1122 1123 1004 1065 1970 1752 1171 1020 1371 1187 1831 1557 1156 1244 1558 1252 1694 1489 1473 1804 1191 1367 1545 1057 1834 1602 1806 1848 1140 1048 1673 1379 1677 1064 1422 1593 1424 1976 1346 1886 1277 1844 1648 1044 1782 1486 1393 1822 1732 1219 1754 1768 1771 1146 1776 1296 1521 1135 1831 1957 1272 1067 1306 1736 1775 1193 1767 1706 1705 1655 1886 1534 1091 1575 1850 1534 1974 1788 1490 1319 1478 1793 1473 1782 1351 1659 1388 1644 1862 1402 1750 1833 1537 BCNSPRNW ULIB Ver.6.0+V

เปลี่ยนเป็นภาษาไทย

Change to English
 แสดงรายละเอียดบรรณานุกรม
  กลับหน้าหลัก

Brief Record : Get Marc (ISO 2709) : E-mail record : QR code < ปิดหน้าต่าง
LEADER : 00000nam 2200000uu 4500
001    13399124287
003     ULIB
008    150218s2557||||th 000 0 tha d
020    ^a9786162794995
060    ^aWY152.5^bห459
100    ^aสุนันท์ สุดดี,^eบรรณาธิการ
245    ^aหัตถการทางหัวใจและหลอดเลือดกับการพยาบาล.=^bCardiac Nursing Procedures/^cบรรณาธิการ : สุนันท์ สุดดี,เสาวนีย์ เนาวพาณิช,ศรินรัตน์ ศรีประสงค์ และ วันเพ็ญ ภิญโญภาสกุล
250    ^aพิมพ์ครั้งที่ 1
260    ^aกรุงเทพฯ :^bงานการพยาบาลอายุรศาสตร์และจิตเวชศาสตร์ ฝ่ายการพยาบาล และสาขาหทัยวิทยา ภาควิชาอายุรศาสตร์ คณะแพทยศาสตร์ศิริราชพยาบาล,^c2557
300    ^a174 หน้า;^b21 ซม.
650    ^aระบบหัวใจและหลอดเลือด^xพยาบาล
700    ^aเสาวนีย์ เนาวพาณิช,^eบรรณาธิกา
700    ^aศรินรัตน์ ศรีประสงค์,^eบรรณาธิการ
700    ^aวันเพ็ญ ภิญโญภาสกุล,^eบรรณาธิการ
710    ^aคณะแพทยศาสตร์ศิริราชพยาบาล^bภาควิชาอายุรศาสตร์ ^bฝ่ายการพยาบาล และสาขาหทัยวิทยา^bงานการพยาบาลอายุรศาสตร์และจิตเวชศาสตร์
945    ^p220^l0^i22854
945    ^p220^l0^i22855
945    ^p220^l0^i22856
945    ^p220^l0^i23170
945    ^p220^l0^i23169
945    ^p220^l0^i23168
945    ^p220^l0^i23167
945    ^p220^l0^i23166
999    ^aทศพร เกษรทอง
รายการนี้ยังไม่มีแท็ก
คุณยังไม่ได้ล็อกอิน คุณสามารถมีกิจกรรมร่วมกับเว็บไซต์ได้ แต่ต้องล็อกอินก่อน ::
  ล็อกอิน

รายการสื่อสารสนเทศ

ลำดับที่ ประเภท เลขเรียก/บาร์โค้ด สถานที่ สถานะ
1. วิทยาศาสตร์การแพทย์ และสุขภาพ
หนังสือสำรอง
สถานะ=หนังสือสำรอง
WY152.5 ห459 ฉ.1 
  Barcode: 22854
ห้องสมุดวิทยาเขตนครสวรรค์
►ส่วนจัดเก็บหนังสือเก่า นว.
บนชั้น
  ขอยืม
2. วิทยาศาสตร์การแพทย์ และสุขภาพ
วิทยาศาสตร์การแพทย์ และสุขภาพ
WY152.5 ห459 ฉ.2 
  Barcode: 22855
ห้องสมุดวิทยาเขตนครสวรรค์
►ส่วนจัดเก็บหนังสือเก่า นว.
บนชั้น
  ขอยืม
3. วิทยาศาสตร์การแพทย์ และสุขภาพ
วิทยาศาสตร์การแพทย์ และสุขภาพ
WY152.5 ห459 ฉ.3 
  Barcode: 22856
ห้องสมุดวิทยาเขตนครสวรรค์
►ส่วนจัดเก็บหนังสือเก่า นว.
บนชั้น
  ขอยืม
4. วิทยาศาสตร์การแพทย์ และสุขภาพ
วิทยาศาสตร์การแพทย์ และสุขภาพ
WY152.5 ห459 ฉ.4 
  Barcode: 23166
ห้องสมุดวิทยาเขตนครสวรรค์
►ส่วนจัดเก็บหนังสือเก่า นว.
บนชั้น
  ขอยืม
5. วิทยาศาสตร์การแพทย์ และสุขภาพ
วิทยาศาสตร์การแพทย์ และสุขภาพ
WY152.5 ห459 ฉ.5 
  Barcode: 23167
ห้องสมุดวิทยาเขตนครสวรรค์
►ส่วนจัดเก็บหนังสือเก่า นว.
บนชั้น
  ขอยืม
6. วิทยาศาสตร์การแพทย์ และสุขภาพ
วิทยาศาสตร์การแพทย์ และสุขภาพ
WY152.5 ห459 ฉ.6 
  Barcode: 23168
ห้องสมุดวิทยาเขตนครสวรรค์
►ส่วนจัดเก็บหนังสือเก่า นว.
บนชั้น
  ขอยืม
7. วิทยาศาสตร์การแพทย์ และสุขภาพ
วิทยาศาสตร์การแพทย์ และสุขภาพ
WY152.5 ห459 ฉ.7 
  Barcode: 23169
ห้องสมุดวิทยาเขตนครสวรรค์
►ส่วนจัดเก็บหนังสือเก่า นว.
บนชั้น
  ขอยืม
8. วิทยาศาสตร์การแพทย์ และสุขภาพ
วิทยาศาสตร์การแพทย์ และสุขภาพ
WY152.5 ห459 ฉ.8 
  Barcode: 23170
ห้องสมุดวิทยาเขตนครสวรรค์
►ส่วนจัดเก็บหนังสือเก่า นว.
บนชั้น
  ขอยืม

BibComment


ยังไม่เคยถูกคอมเมนท์

คอมเมนท์ทรัพยากรรายการนี้
  คอมเมนท์: หัตถการทางหัวใจแ..


 Copyright 2026. Bcnsprnw @Library